Psicologia con aplicaciones en países de habla hispana/ (Registro nro. 9476)
[ vista simple ]
| 000 -LEADER | |
|---|---|
| fixed length control field | 01054nam a2200217Ia 4500 |
| 005 - FECHA Y HORA DE LA ÚLTIMA TRANSACCIÓN | |
| control field | 20230926145351.0 |
| 008 - FIXED-LENGTH DATA ELEMENTS--GENERAL INFORMATION | |
| fixed length control field | 230921s9999 xx 000 0 und d |
| 020 ## - INTERNATIONAL STANDARD BOOK NUMBER | |
| International Standard Book Number | 9701053486 |
| 040 ## - CATALOGING SOURCE | |
| Original cataloging agency | UPAN |
| Transcribing agency | Biblioteca San Vicente |
| Description conventions | RCAA2 |
| 041 ## - LANGUAGE CODE | |
| Language code of text/sound track or separate title | spa |
| 082 ## - DEWEY DECIMAL CLASSIFICATION NUMBER | |
| Classification number | 150 |
| Item number | F453p |
| año de publicación | 2006 |
| 100 ## - MAIN ENTRY--PERSONAL NAME | |
| Personal name | Feldman, Roberto S. |
| Relator code | aut. |
| 245 #0 - TITLE STATEMENT | |
| Title | Psicologia con aplicaciones en países de habla hispana/ |
| Remainder of title | Robert S. Feldman |
| 250 ## - EDITION STATEMENT | |
| Edition statement | 6° ed. |
| 260 ## - PUBLICATION, DISTRIBUTION, ETC. (IMPRINT) | |
| Place of publication, distribution, etc | México.: |
| Name of publisher, distributor, etc | McGrawHill, |
| Date of publication, distribution, etc | 2006 |
| 300 ## - PHYSICAL DESCRIPTION | |
| Extent | 662 P.; |
| Dimensions | 27 cm. |
| 505 ## - FORMATTED CONTENTS NOTE | |
| Formatted contents note | 1. Introducción a la psicología<br/>2. Neurociencia y comportamiento<br/>3. Sensación y percepción <br/>4. Estados de conciencia <br/>5. Aprendizaje<br/>6. Memoria<br/>7. Pensamiento, lenguaje e inteligencia<br/>8. Motivación y emoción<br/>9. Desarrollo <br/>10. Personalidad<br/>11. Psicología de la salud: Estrés, afrontamiento y bienestar <br/>12. Trastornos psicológicos<br/>13. Tratamiento de los trastornos psicológicos<br/>14. Psicología social |
| 650 ## - SUBJECT ADDED ENTRY--TOPICAL TERM | |
| Source of heading or term | LEMB |
| General subdivision | Psicología |
| 700 ## - ADDED ENTRY--PERSONAL NAME | |
| Personal name | José Luis, Nuñez Herrejón |
| Relator code | tr. |
| 942 ## - ADDED ENTRY ELEMENTS (KOHA) | |
| Koha item type | Libros |
| Source of classification or shelving scheme | Dewey Decimal Classification |
| Withdrawn status | Lost status | Source of classification or shelving scheme | Damaged status | Not for loan | Collection code | Home library | Current library | Date acquired | Total Checkouts | Full call number | Barcode | Date last seen | Copy number | Price effective from | Koha item type |
|---|---|---|---|---|---|---|---|---|---|---|---|---|---|---|---|
| Dewey Decimal Classification | Colección General | Biblioteca UPAN San Vicente | Biblioteca UPAN San Vicente | 21/09/2023 | 150 F453p | 12000118 | 21/09/2023 | 01 | 21/09/2023 | Libros | |||||
| Dewey Decimal Classification | Colección General | Biblioteca UPAN San Vicente | Biblioteca UPAN San Vicente | 21/09/2023 | 150 F453p | 12000116 | 26/09/2023 | 02 | 21/09/2023 | Libros | |||||
| Dewey Decimal Classification | Colección General | Biblioteca UPAN San Vicente | Biblioteca UPAN San Vicente | 21/09/2023 | 150 F453p | 12000117 | 26/09/2023 | 03 | 21/09/2023 | Libros |